Представление документа в формате RUSMARC

Поле Инд. ПП Название Значение
Тип записи a
Библиографический уровень a
001 Контрольный номер 04e560e9891c4c29afb6a5abfa6c3259
005 Дата корректировки 20181124200622.8
100 a Данные общей обработки 20181107 ||| 0rusy0189 ca
101 0_ a Язык текста rus
102 a Страна публикации RU
200 1_ f Первые сведения об ответственности В.Н. Ткачев, Н.И. Данилов
a Заглавие Особенности регистрации права на воздушное судно в Российской Федерации
b Общее обозначение материала Текст
210 d Дата издания 2017
461 _0 1 2000
a Закон и право
463 _0 1 2000
a №12
v С. 60-63
1 2101
d 2017
1 0010a3b4babab62408c931f971106ee29f1
606 a Основная рубрика Гражданское и торговое право
610 0_ a Ключевые слова ВОЗДУШНОЕ ПРАВО
a Ключевые слова ГОСУДАРСТВЕННАЯ РЕГИСТРАЦИЯ
a Ключевые слова НЕДВИЖИМОСТЬ
700 _1 a Фамилия Ткачев
b Имя В.Н.
701 _1 a Фамилия Данилов
b Имя Н.И.
801 _0 a Страна RU
b Организация РГУП
c Дата составления 20181107
g Правила каталогизации PSBO
801 _1 a Страна RU
b Организация РГУП
c Дата составления 20181107
g Правила каталогизации PSBO
901 t Тип документа b
w Контрольный № источника 0a3b4babab62408c931f971106ee29f1
905 a Дата ввода 20181107